000 00612nam a2200217 a 4500
001 1887116
005 20171228034510.0
008 850124s1983 enka b 001 0 eng
010 _a 83179419
020 _a0855205598 :
_c£19.50
040 _aDLC
_cDLC
_dDLC
041 _aeng
080 _a330.015195 HEY
082 0 0 _a330.015195 HEY
_219
100 1 _a52
101 _aEKO
245 1 0 _aData in doubt :
_cJohn D. Hey.
504 _aBibliography: p. 316.
906 _a7
_bcbc
_corignew
_d3
_encip
_f19
_gy-gencatlg
942 _2ddc
_cBK
999 _c39515
_d39515